banner-ar

تاريخ مختلف للادب العالمى / (Record no. 65512)

MARC details
000 -الفاتح
حقل البيانات ثابتة الطول 01059nam a22002657a 4500
005 - وقت وتاريخ اخر تعامل مع التسجيلة
رقم الضبط 20240530110828.0
008 - عناصر البيانات ثابتة الطول - معلومات عامة
حقل البيانات ثابتة الطول 190703s2007 ua g b 000 0dara d
017 ## - رقم الايداع القانونى
رقم الايداع القانونى 2007/11350
المصدر ( الهيئة المختصة) مصر. دار الكتب
020 ## - الرقم الدولى المعيارى للكتب
الرقم الدولى المعيارى للكتاب 9774373464
040 ## - مصدر الفهرسة
وكالة الفهرسة الأصلية EG-CaGPL
وكالة النسخ EG-CaGPL
082 04 - رقم تصنيف ديوى العشرى
رقم الطبعة 21
رقم التصنيف 809/
رقم المادة ن ت
100 1# - المدخل الرئيسى - إسم شخصى
الإسم الشخصى نيشى، ارماندو
245 10 - بيان العنوان
العنوان تاريخ مختلف للادب العالمى /
بيان المسئوليه,etc تاليف ارماندو نيشى ؛ ترجمة حسين محمود ؛ تقديم ومراجعة وشروح مجدى يوسف
250 ## - بيان الطبعة
بيان الطبعة ط.1
260 ## - PUBLICATION, DISTRIBUTION, ETC. (IMPRINT)
تاريخ النشر أو التوزيع 2007 .
300 ## - الوصف المادى
التعداد 211 ص. :
أبعاد الوعاء 24 سم.
490 #0 - بيان السلسلة
عنوان السلسلة المشروع القومى للترجمة ؛
رقم المجلد/ التعيين التسلسلي 1081.
650 07 - المدخل الاضافى بالموضوع-مصطلح موضوعى
مصدر الرأس أو المصطلح qrmak
مصطلح موضوعي الادب
التقسيم الفرعي العام تاريخ ونقد
651 ## - المدخل الاضافى بالموضوع - اسم جغرافى
مصدر الرأس أو المصطلح qrmak
653 #0 - مصطلح تكشيفى غير مقيد
مصطلح غير مقيد الادب العالمى - تاريخ ونقد
700 0# - المدخل الاضافى - اسم شخصى
الإسم الشخصى حسين محمود
الدور مترجم
700 0# - المدخل الاضافى - اسم شخصى
الإسم الشخصى مجدى يوسف
الدور مقدم ومراجع
942 ## - عناصر المدخل الإضافي( كوها)
مصدر التصنيف او مخطط الترفيف Dewey Decimal Classification
Koha [default] item type كتاب
260 ## - PUBLICATION, DISTRIBUTION, ETC. (IMPRINT)
-- القاهرة :
-- المجلس الاعلى للثقافة،
Holdings
حالة التراجع حالة الفقد حالة تلف ليس للاعارة المكان المؤقت الموقع الحالى موقع الترفيف تاريخ الاكتساب اجمالي اﻻعارات رقم الطلب الباركود تاريخ اخر مشاهدة تاريخ تفعيل السعر نوع وعاء كوها
        مكتبة القاهرة الكبرى مكتبة القاهرة الكبرى القاعة الرئيسية 08/28/2019   809/ ن ت 166406 08/28/2019 08/28/2019 كتاب

Powered By

EGPV